Đại Nam thực lục tập 1 Tiểu thuyết
Gespeichert in:
| 1. Verfasser: | |
|---|---|
| Weitere Verfasser: | |
| Format: | Buch |
| Sprache: | Vietnamese |
| Veröffentlicht: |
Hà Nội
Giáo dục
2002
|
| Schriftenreihe: | Quốc sử quán triều nguyễn . Tổ phiên dịch Viện sử học phiên dịch
|
| Schlagworte: | |
| Tags: |
Tag hinzufügen
Keine Tags, Fügen Sie den ersten Tag hinzu!
|
| Thư viện lưu trữ: | Trung tâm Học liệu Lê Vũ Hùng, Trường Đại học Đồng Tháp |
|---|
| LEADER | 01030aam a22002778a 4500 | ||
|---|---|---|---|
| 001 | 00041840 | ||
| 005 | 20180807080833.0 | ||
| 008 | 160126s2009 ||||||viesd | ||
| 020 | # | # | |c 96000 |
| 041 | 0 | # | |a vie |
| 082 | 1 | 4 | |a 959.702 |b Đ103N |
| 100 | 0 | # | |a Nguyễn, Ngọc Tỉnh |
| 245 | 1 | 0 | |a Đại Nam thực lục |n tập 1 |p Tiểu thuyết |c Nguyễn Ngọc Tỉnh; Đào Duy Anh |
| 260 | # | # | |a Hà Nội |b Giáo dục |c 2002 |
| 300 | # | # | |a 1076 tr. |c 24 cm. |
| 490 | 0 | # | |a Quốc sử quán triều nguyễn . Tổ phiên dịch Viện sử học phiên dịch |
| 500 | # | # | |a ĐTTS ghi: Trung tâm khoa học xã hội và nhân văn quốc gia. Viện sử học |
| 653 | # | # | |a Lịch sử |
| 653 | # | # | |a Sách tập |
| 653 | # | # | |a Sự kiện |
| 653 | # | # | |a Triều Nguyễn |
| 653 | # | # | |a Việt Nam |
| 700 | 1 | # | |a Đào, Duy Anh |
| 852 | # | # | |j KD.0023840 |
| 910 | |d 07/08/2018 | ||
| 980 | # | # | |a Trung tâm Học liệu Lê Vũ Hùng, Trường Đại học Đồng Tháp |